[Event "DVM U20 2021"]
[Site "Kiel GER"]
[Date "2022.07.23"]
[Round "1"]
[White "Suvorov, Alexander"]
[Black "Arndt, Magnus"]
[Result "1/2-1/2"]
[Termination "normal"]
[Board "2.1"]
[WhiteTitle "FM"]
[BlackTitle "FM"]
[WhiteElo "2371"]
[BlackElo "2359"]
[WhiteClock "00:02:02"]
[BlackClock "00:10:02"]
[WhiteTeam "Schachgemeinschaft Porz e. V."]
[BlackTeam "SK Doppelbauer Kiel"]
[PlyCount "106"]
[WhiteFideId "12977063"]
[BlackFideId "12998656"]
[EventCountry "GER"]
[EventRounds "7"]
[EventType "team-swiss"]
[EventDate "2022.07.22"]

1. d4 {[%clk 01:30:56]} {[%emt 00:00:03]} Nf6 {[%clk 01:30:52]} {[%emt
00:00:08]} 2. c4 {[%clk 01:31:13]} {[%emt 00:00:14]} e6 {[%clk 01:31:16]}
{[%emt 00:00:07]} 3. Nf3 {[%clk 01:31:18]} {[%emt 00:00:24]} a6 {[%clk
01:30:57]} {[%emt 00:00:49]} 4. Nc3 {[%clk 01:30:56]} {[%emt 00:00:52]} d5
{[%clk 01:31:19]} {[%emt 00:00:07]} 5. cxd5 {[%clk 01:30:58]} {[%emt 00:00:29]}
exd5 {[%clk 01:31:47]} {[%emt 00:00:02]} 6. Bg5 {[%clk 01:31:03]} {[%emt
00:00:24]} Be6 {[%clk 01:31:59]} {[%emt 00:00:18]} 7. Bxf6 {[%clk 01:30:39]}
{[%emt 00:00:55]} Qxf6 {[%clk 01:32:10]} {[%emt 00:00:18]} 8. Qb3 {[%clk
01:31:01]} {[%emt 00:00:09]} Ra7 {[%clk 01:31:29]} {[%emt 00:01:11]} 9. g3
{[%clk 01:31:01]} {[%emt 00:00:30]} Qd8 {[%clk 01:25:17]} {[%emt 00:06:42]} 10.
h4 {[%clk 01:30:46]} {[%emt 00:00:44]} c6 {[%clk 01:08:57]} {[%emt 00:16:51]}
11. Ng5 {[%clk 01:00:23]} {[%emt 00:30:53]} Bc8 {[%clk 00:59:18]} {[%emt
00:10:08]} 12. e4 {[%clk 00:48:25]} {[%emt 00:12:29]} h6 {[%clk 00:57:14]}
{[%emt 00:02:34]} 13. Nf3 {[%clk 00:38:18]} {[%emt 00:10:37]} dxe4 {[%clk
00:43:53]} {[%emt 00:13:51]} 14. Ne5 {[%clk 00:25:15]} {[%emt 00:13:34]} Be6
{[%clk 00:40:38]} {[%emt 00:03:44]} 15. Bc4 {[%clk 00:19:03]} {[%emt 00:06:42]}
Bxc4 {[%clk 00:39:41]} {[%emt 00:01:27]} 16. Nxc4 {[%clk 00:17:52]} {[%emt
00:01:40]} Be7 {[%clk 00:30:16]} {[%emt 00:09:56]} 17. O-O-O {[%clk 00:15:23]}
{[%emt 00:02:59]} O-O {[%clk 00:21:41]} {[%emt 00:09:05]} 18. Nxe4 {[%clk
00:11:01]} {[%emt 00:04:52]} Qc7 {[%clk 00:09:37]} {[%emt 00:12:33]} 19. Kb1
{[%clk 00:06:45]} {[%emt 00:04:47]} Nd7 {[%clk 00:08:28]} {[%emt 00:01:38]} 20.
g4 {[%clk 00:03:10]} {[%emt 00:04:05]} Qf4 {[%clk 00:06:39]} {[%emt 00:02:20]}
21. f3 {[%clk 00:02:31]} {[%emt 00:01:09]} b5 {[%clk 00:03:29]} {[%emt
00:03:39]} 22. Qe3 {[%clk 00:02:05]} {[%emt 00:00:57]} Qc7 {[%clk 00:01:51]}
{[%emt 00:02:08]} 23. Ne5 {[%clk 00:02:17]} {[%emt 00:00:18]} Bd6 {[%clk
00:00:39]} {[%emt 00:01:42]} 24. f4 {[%clk 00:01:32]} {[%emt 00:01:14]} f6
{[%clk 00:00:36]} {[%emt 00:00:33]} 25. Ng6 {[%clk 00:00:48]} {[%emt 00:01:14]}
Re8 {[%clk 00:01:06]} {[%emt 00:00:01]} 26. g5 {[%clk 00:00:57]} {[%emt
00:00:22]} f5 {[%clk 00:01:16]} {[%emt 00:00:19]} 27. Qb3+ {[%clk 00:01:08]}
{[%emt 00:00:18]} Kh7 {[%clk 00:01:34]} {[%emt 00:00:13]} 28. Nxd6 {[%clk
00:01:31]} {[%emt 00:00:07]} Qxd6 {[%clk 00:01:55]} {[%emt 00:00:09]} 29. Ne5
{[%clk 00:01:24]} {[%emt 00:00:37]} Nxe5 {[%clk 00:01:05]} {[%emt 00:01:20]}
30. dxe5 {[%clk 00:01:53]} {[%emt 00:00:01]} Qc5 {[%clk 00:00:57]} {[%emt
00:00:38]} 31. Rd6 {[%clk 00:01:51]} {[%emt 00:00:32]} Qf2 {[%clk 00:00:39]}
{[%emt 00:00:47]} 32. gxh6 {[%clk 00:00:38]} {[%emt 00:01:44]} Qxf4 {[%clk
00:00:56]} {[%emt 00:00:12]} 33. Rg1 {[%clk 00:00:45]} {[%emt 00:00:23]} Qxe5
{[%clk 00:01:07]} {[%emt 00:00:19]} 34. Rdg6 {[%clk 00:00:35]} {[%emt
00:00:40]} Qe4+ {[%clk 00:00:52]} {[%emt 00:00:46]} 35. Kc1 {[%clk 00:00:46]}
{[%emt 00:00:18]} gxh6 {[%clk 00:00:45]} {[%emt 00:00:37]} 36. Rf6 {[%clk
00:01:07]} {[%emt 00:00:10]} Qe3+ {[%clk 00:00:53]} {[%emt 00:00:22]} 37. Qxe3
{[%clk 00:01:27]} {[%emt 00:00:10]} Rxe3 {[%clk 00:01:22]} 38. Rgg6 {[%clk
00:01:47]} {[%emt 00:00:10]} Rg7 {[%clk 00:00:52]} {[%emt 00:00:59]} 39. Rxh6+
{[%clk 00:02:03]} {[%emt 00:00:15]} Kg8 {[%clk 00:01:21]} 40. Rxf5 {[%clk
00:02:05]} {[%emt 00:00:28]} Rh3 {[%clk 00:00:48]} {[%emt 00:01:02]} 41. Rf2
{[%clk 00:19:32]} {[%emt 00:13:04]} Rg1+ {[%clk 00:18:51]} {[%emt 00:12:26]}
42. Kc2 {[%clk 00:17:41]} {[%emt 00:02:22]} Ra1 {[%clk 00:17:44]} {[%emt
00:01:36]} 43. a3 {[%clk 00:11:18]} {[%emt 00:06:53]} Rhxa3 {[%clk 00:10:25]}
{[%emt 00:07:50]} 44. Rg6+ {[%clk 00:04:11]} {[%emt 00:07:36]} Kh7 {[%clk
00:10:40]} {[%emt 00:00:14]} 45. Rxc6 {[%clk 00:04:19]} {[%emt 00:00:24]} Rg3
{[%clk 00:10:16]} {[%emt 00:00:53]} 46. Rf7+ {[%clk 00:03:26]} {[%emt
00:01:24]} Rg7 {[%clk 00:10:11]} {[%emt 00:00:34]} 47. Rxg7+ {[%clk 00:02:50]}
{[%emt 00:01:06]} Kxg7 {[%clk 00:10:39]} {[%emt 00:00:02]} 48. h5 {[%clk
00:02:55]} {[%emt 00:00:25]} Kh7 {[%clk 00:09:27]} {[%emt 00:01:41]} 49. Kb3
{[%clk 00:02:39]} {[%emt 00:00:47]} Ra4 {[%clk 00:09:39]} {[%emt 00:00:18]} 50.
Kc3 {[%clk 00:02:33]} {[%emt 00:00:36]} Kg7 {[%clk 00:09:02]} {[%emt 00:01:07]}
51. Rg6+ {[%clk 00:02:17]} {[%emt 00:00:47]} Kh7 {[%clk 00:09:21]} {[%emt
00:00:10]} 52. Rc6 {[%clk 00:02:32]} {[%emt 00:00:14]} Kg7 {[%clk 00:09:41]}
{[%emt 00:00:11]} 53. Rg6+ {[%clk 00:02:02]} {[%emt 00:01:00]} Kh7 {[%clk
00:10:02]} {[%emt 00:00:09]} 1/2-1/2

[Event "DVM U20 2021"]
[Site "Kiel GER"]
[Date "2022.07.23"]
[Round "1"]
[White "Farokhi, Keyvan"]
[Black "Suvorov, Luca"]
[Result "1/2-1/2"]
[Termination "normal"]
[Board "2.2"]
[WhiteTitle "FM"]
[BlackTitle "FM"]
[WhiteElo "2332"]
[BlackElo "2308"]
[WhiteClock "00:12:00"]
[BlackClock "00:00:34"]
[WhiteTeam "SK Doppelbauer Kiel"]
[BlackTeam "Schachgemeinschaft Porz e. V."]
[PlyCount "68"]
[WhiteFideId "12998630"]
[BlackFideId "12977071"]
[EventCountry "GER"]
[EventRounds "7"]
[EventType "team-swiss"]
[EventDate "2022.07.22"]

1. Nf3 {[%clk 01:30:56]} {[%emt 00:00:04]} Nf6 {[%clk 01:29:22]} {[%emt
00:01:39]} 2. c4 {[%clk 01:31:00]} {[%emt 00:00:24]} e6 {[%clk 01:29:33]}
{[%emt 00:00:21]} 3. e3 {[%clk 01:31:00]} {[%emt 00:00:30]} b6 {[%clk
01:26:07]} {[%emt 00:03:56]} 4. b3 {[%clk 01:26:50]} {[%emt 00:04:40]} Bb7
{[%clk 01:26:12]} {[%emt 00:00:25]} 5. Bb2 {[%clk 01:27:08]} {[%emt 00:00:11]}
d6 {[%clk 01:26:13]} {[%emt 00:00:30]} 6. d4 {[%clk 01:24:01]} {[%emt
00:03:36]} Nbd7 {[%clk 01:25:48]} {[%emt 00:00:55]} 7. Bd3 {[%clk 01:22:07]}
{[%emt 00:02:24]} g6 {[%clk 01:24:42]} {[%emt 00:01:37]} 8. Nbd2 {[%clk
01:13:41]} {[%emt 00:08:55]} Bg7 {[%clk 01:23:48]} {[%emt 00:01:25]} 9. O-O
{[%clk 01:11:49]} {[%emt 00:02:22]} O-O {[%clk 01:19:45]} {[%emt 00:04:33]} 10.
Qc2 {[%clk 01:10:55]} {[%emt 00:01:23]} Qe7 {[%clk 01:11:53]} {[%emt 00:08:23]}
11. Rfd1 {[%clk 01:01:26]} {[%emt 00:09:59]} a5 {[%clk 01:07:08]} {[%emt
00:05:15]} 12. a3 {[%clk 01:00:32]} {[%emt 00:01:22]} e5 {[%clk 01:03:19]}
{[%emt 00:04:21]} 13. d5 {[%clk 00:54:14]} {[%emt 00:06:48]} c6 {[%clk
00:58:56]} {[%emt 00:04:53]} 14. dxc6 {[%clk 00:47:29]} {[%emt 00:07:14]} Bxc6
{[%clk 00:58:59]} {[%emt 00:00:28]} 15. Ne4 {[%emt 00:01:40]} Rfc8 {[%clk
00:38:32]} {[%emt 00:20:56]} 16. Rac1 {[%clk 00:42:01]} {[%emt 00:04:48]} b5
{[%clk 00:26:18]} {[%emt 00:12:45]} 17. Nxf6+ {[%clk 00:37:33]} {[%emt
00:04:58]} Nxf6 {[%clk 00:25:17]} {[%emt 00:01:30]} 18. Nd2 {[%clk 00:35:37]}
{[%emt 00:02:26]} Qb7 {[%clk 00:22:39]} {[%emt 00:03:08]} 19. Bf1 {[%clk
00:34:03]} {[%emt 00:02:04]} b4 {[%clk 00:18:10]} {[%emt 00:05:00]} 20. axb4
{[%clk 00:25:40]} {[%emt 00:08:52]} axb4 {[%clk 00:18:26]} {[%emt 00:00:14]}
21. c5 {[%clk 00:25:48]} {[%emt 00:00:21]} Bd5 {[%clk 00:11:30]} {[%emt
00:07:28]} 22. Qd3 {[%clk 00:25:11]} {[%emt 00:01:06]} e4 {[%clk 00:10:56]}
{[%emt 00:01:04]} 23. Qb5 {[%clk 00:20:55]} {[%emt 00:04:45]} Qxb5 {[%clk
00:07:12]} {[%emt 00:04:15]} 24. Bxb5 {[%clk 00:21:17]} {[%emt 00:00:09]} Rxc5
{[%clk 00:06:56]} {[%emt 00:00:46]} 25. Rxc5 {[%clk 00:19:38]} {[%emt
00:02:08]} dxc5 {[%clk 00:07:25]} {[%emt 00:00:02]} 26. Nc4 {[%clk 00:17:58]}
{[%emt 00:02:09]} Bxc4 {[%clk 00:06:04]} {[%emt 00:01:52]} 27. Bxc4 {[%clk
00:18:13]} {[%emt 00:00:14]} Ng4 {[%clk 00:06:21]} {[%emt 00:00:13]} 28. h3
{[%clk 00:14:57]} {[%emt 00:03:46]} Nxe3 {[%clk 00:02:01]} {[%emt 00:04:50]}
29. fxe3 {[%clk 00:15:08]} {[%emt 00:00:18]} Bxb2 {[%clk 00:02:27]} {[%emt
00:00:05]} 30. Rd7 {[%clk 00:15:21]} {[%emt 00:00:15]} Bc1 {[%clk 00:02:11]}
{[%emt 00:00:48]} 31. Rxf7 {[%clk 00:12:25]} {[%emt 00:03:26]} Bxe3+ {[%clk
00:02:11]} {[%emt 00:00:31]} 32. Kf1 {[%clk 00:12:35]} {[%emt 00:00:18]} Kh8
{[%clk 00:00:46]} {[%emt 00:01:56]} 33. Bd5 {[%clk 00:12:00]} {[%emt 00:01:04]}
Ra3 {[%clk 00:00:36]} {[%emt 00:00:40]} 34. Re7 {[%clk 00:12:00]} {[%emt
00:00:30]} Ra2 {[%clk 00:00:34]} {[%emt 00:00:34]} 1/2-1/2

[Event "DVM U20 2021"]
[Site "Kiel GER"]
[Date "2022.07.23"]
[Round "1"]
[White "Günther, Emil"]
[Black "Perkampus, Laurin"]
[Result "0-1"]
[Termination "normal"]
[Board "2.4"]
[WhiteElo "1799"]
[BlackElo "2069"]
[WhiteClock "00:01:12"]
[BlackClock "00:04:04"]
[WhiteTeam "SK Doppelbauer Kiel"]
[BlackTeam "Schachgemeinschaft Porz e. V."]
[PlyCount "64"]
[WhiteFideId "16228154"]
[BlackFideId "16232283"]
[EventCountry "GER"]
[EventRounds "7"]
[EventType "team-swiss"]
[EventDate "2022.07.22"]

1. Nf3 {[%clk 01:30:58]} {[%emt 00:00:02]} d5 {[%clk 01:30:54]} {[%emt
00:00:05]} 2. d4 {[%clk 01:31:21]} {[%emt 00:00:08]} Nf6 {[%clk 01:31:12]}
{[%emt 00:00:12]} 3. c4 {[%clk 01:31:46]} {[%emt 00:00:05]} dxc4 {[%clk
01:30:47]} {[%emt 00:00:55]} 4. Nc3 {[%clk 01:32:07]} {[%emt 00:00:10]} a6
{[%clk 01:29:25]} {[%emt 00:01:50]} 5. a4 {[%clk 01:32:28]} {[%emt 00:00:10]}
Nc6 {[%clk 01:28:22]} {[%emt 00:01:33]} 6. d5 {[%clk 00:54:29]} {[%emt
00:38:29]} Na5 {[%clk 01:28:41]} {[%emt 00:00:10]} 7. e4 {[%clk 00:54:55]}
{[%emt 00:00:06]} e6 {[%clk 01:24:22]} {[%emt 00:04:48]} 8. Bg5 {[%clk
00:54:40]} {[%emt 00:00:46]} Bb4 {[%clk 01:03:37]} {[%emt 00:21:14]} 9. e5
{[%clk 00:29:25]} {[%emt 00:25:46]} h6 {[%clk 01:01:06]} {[%emt 00:02:58]} 10.
exf6 {[%clk 00:29:37]} {[%emt 00:00:20]} hxg5 {[%clk 01:00:43]} {[%emt
00:00:52]} 11. fxg7 {[%clk 00:30:02]} {[%emt 00:00:06]} Rg8 {[%clk 01:00:22]}
{[%emt 00:00:51]} 12. h4 {[%clk 00:29:53]} {[%emt 00:00:39]} g4 {[%clk
00:47:49]} {[%emt 00:13:03]} 13. h5 {[%clk 00:26:01]} {[%emt 00:04:22]} Rxg7
{[%clk 00:39:47]} {[%emt 00:08:31]} 14. h6 {[%clk 00:26:24]} {[%emt 00:00:08]}
Rh7 {[%clk 00:36:48]} {[%emt 00:03:30]} 15. Qd4 {[%clk 00:09:19]} {[%emt
00:17:35]} gxf3 {[%clk 00:24:35]} {[%emt 00:12:42]} 16. Qg7 {[%clk 00:07:51]}
{[%emt 00:01:58]} Rxg7 {[%clk 00:13:41]} {[%emt 00:11:24]} 17. hxg7 {[%clk
00:08:16]} {[%emt 00:00:05]} Kd7 {[%clk 00:10:58]} {[%emt 00:03:12]} 18. Rh8
{[%clk 00:08:21]} {[%emt 00:00:25]} Qf6 {[%clk 00:10:57]} {[%emt 00:00:31]} 19.
g8=Q {[%clk 00:07:50]} {[%emt 00:01:02]} Bxc3+ {[%clk 00:10:55]} {[%emt
00:00:31]} 20. bxc3 {[%clk 00:06:54]} {[%emt 00:01:27]} Qxc3+ {[%clk 00:11:19]}
{[%emt 00:00:05]} 21. Kd1 {[%clk 00:07:20]} {[%emt 00:00:05]} Qxa1+ {[%clk
00:11:00]} {[%emt 00:00:49]} 22. Kc2 {[%clk 00:04:52]} {[%emt 00:02:58]} Qxa4+
{[%clk 00:08:49]} {[%emt 00:02:40]} 23. Kd2 {[%clk 00:05:01]} {[%emt 00:00:22]}
Qb4+ {[%clk 00:06:31]} {[%emt 00:02:47]} 24. Kd1 {[%clk 00:03:05]} {[%emt
00:02:27]} Qb3+ {[%clk 00:06:20]} {[%emt 00:00:39]} 25. Kc1 {[%clk 00:02:21]}
{[%emt 00:01:15]} Qc3+ {[%clk 00:04:37]} {[%emt 00:02:13]} 26. Kd1 {[%clk
00:02:30]} {[%emt 00:00:22]} Kd6 {[%clk 00:04:32]} {[%emt 00:00:34]} 27. Qf8+
{[%clk 00:02:13]} {[%emt 00:00:48]} Kxd5 {[%clk 00:04:42]} {[%emt 00:00:19]}
28. Rh5+ {[%clk 00:02:26]} {[%emt 00:00:18]} f5 {[%clk 00:04:49]} {[%emt
00:00:22]} 29. Qd8+ {[%clk 00:01:09]} {[%emt 00:01:48]} Kc5 {[%clk 00:03:44]}
{[%emt 00:01:34]} 30. Qxc7+ {[%clk 00:00:51]} {[%emt 00:00:48]} Nc6 {[%clk
00:03:44]} {[%emt 00:00:30]} 31. Rh4 {[%clk 00:00:52]} {[%emt 00:00:31]} Qa1+
{[%clk 00:03:47]} {[%emt 00:00:26]} 32. Kd2 {[%clk 00:01:12]} {[%emt 00:00:09]}
Qxf1 {[%clk 00:04:04]} {[%emt 00:00:13]} 0-1

[Event "DVM U20 2021"]
[Site "Kiel GER"]
[Date "2022.07.23"]
[Round "1"]
[White "Woltmann, Peter"]
[Black "Gallasch, Robin"]
[Result "1-0"]
[Termination "normal"]
[Board "2.6"]
[WhiteElo "1556"]
[BlackElo "2050"]
[WhiteClock "00:45:07"]
[BlackClock "00:01:28"]
[WhiteTeam "SK Doppelbauer Kiel"]
[BlackTeam "Schachgemeinschaft Porz e. V."]
[PlyCount "135"]
[WhiteFideId "16269349"]
[BlackFideId "16222423"]
[EventCountry "GER"]
[EventRounds "7"]
[EventType "team-swiss"]
[EventDate "2022.07.22"]

1. e4 {[%clk 01:30:56]} {[%emt 00:00:04]} c6 {[%clk 01:30:50]} {[%emt
00:00:09]} 2. d4 {[%clk 01:31:02]} {[%emt 00:00:24]} d5 {[%clk 01:31:13]}
{[%emt 00:00:06]} 3. exd5 {[%clk 01:30:25]} {[%emt 00:01:08]} cxd5 {[%clk
01:31:31]} {[%emt 00:00:12]} 4. Nf3 {[%clk 01:28:42]} {[%emt 00:02:13]} Nc6
{[%clk 01:31:52]} {[%emt 00:00:10]} 5. Bf4 {[%clk 01:28:12]} {[%emt 00:01:00]}
Bg4 {[%clk 01:30:10]} {[%emt 00:02:11]} 6. Be2 {[%clk 01:27:18]} {[%emt
00:01:25]} e6 {[%clk 01:26:03]} {[%emt 00:04:36]} 7. a3 {[%clk 01:25:43]}
{[%emt 00:02:06]} Bxf3 {[%clk 01:20:29]} {[%emt 00:06:04]} 8. Bxf3 {[%clk
01:25:29]} {[%emt 00:00:44]} Qb6 {[%clk 01:20:54]} {[%emt 00:00:04]} 9. Be3
{[%clk 01:18:47]} {[%emt 00:07:12]} Qxb2 {[%clk 01:15:10]} {[%emt 00:06:14]}
10. Nd2 {[%clk 01:19:04]} {[%emt 00:00:14]} Nxd4 {[%clk 01:06:17]} {[%emt
00:09:22]} 11. O-O {[%clk 01:19:00]} {[%emt 00:00:35]} Nxf3+ {[%clk 00:43:02]}
{[%emt 00:23:45]} 12. Nxf3 {[%clk 01:18:56]} {[%emt 00:00:33]} Qc3 {[%clk
00:40:39]} {[%emt 00:02:52]} 13. Rb1 {[%clk 01:18:04]} {[%emt 00:01:24]} Qc7
{[%clk 00:38:42]} {[%emt 00:02:27]} 14. Qd4 {[%clk 01:16:59]} {[%emt 00:01:34]}
b6 {[%clk 00:21:40]} {[%emt 00:17:32]} 15. Ne5 {[%clk 01:14:19]} {[%emt
00:03:11]} Rc8 {[%clk 00:10:12]} {[%emt 00:11:57]} 16. Qa4+ {[%clk 01:12:55]}
{[%emt 00:01:55]} Kd8 {[%clk 00:10:29]} {[%emt 00:00:12]} 17. Rxb6 {[%clk
01:07:38]} {[%emt 00:05:48]} Qxe5 {[%clk 00:06:40]} {[%emt 00:04:19]} 18. Rb7
{[%clk 01:07:03]} {[%emt 00:01:04]} Qd6 {[%clk 00:04:38]} {[%emt 00:02:32]} 19.
Rfb1 {[%clk 01:02:46]} {[%emt 00:04:48]} Ne7 {[%clk 00:02:05]} {[%emt
00:03:02]} 20. Rxa7 {[%clk 00:57:35]} {[%emt 00:05:41]} Nc6 {[%clk 00:01:43]}
{[%emt 00:00:52]} 21. Rxf7 {[%clk 00:53:18]} {[%emt 00:04:48]} Be7 {[%clk
00:01:57]} {[%emt 00:00:16]} 22. Rb7 {[%clk 00:51:57]} {[%emt 00:01:51]} Rf8
{[%clk 00:01:01]} {[%emt 00:01:26]} 23. Bb6+ {[%clk 00:50:19]} {[%emt
00:02:08]} Ke8 {[%clk 00:00:57]} {[%emt 00:00:34]} 24. Rfxe7+ {[%clk 00:50:42]}
{[%emt 00:00:07]} Qxe7 {[%clk 00:01:18]} {[%emt 00:00:09]} 25. Rxe7+ {[%clk
00:51:04]} {[%emt 00:00:08]} Kxe7 {[%clk 00:01:46]} {[%emt 00:00:02]} 26. Bc5+
{[%clk 00:51:20]} {[%emt 00:00:13]} Kf7 {[%clk 00:01:38]} {[%emt 00:00:38]} 27.
Bxf8 {[%clk 00:51:41]} {[%emt 00:00:09]} Kxf8 {[%clk 00:02:05]} {[%emt
00:00:04]} 28. Qf4+ {[%clk 00:49:35]} {[%emt 00:02:35]} Kg8 {[%clk 00:01:28]}
{[%emt 00:01:07]} 29. g3 {[%clk 00:49:51]} {[%emt 00:00:15]} h6 {[%clk
00:00:33]} {[%emt 00:01:25]} 30. Qd6 {[%clk 00:50:03]} {[%emt 00:00:18]} Kf7
{[%clk 00:00:50]} {[%emt 00:00:13]} 31. a4 {[%clk 00:49:18]} {[%emt 00:01:14]}
Ne7 {[%clk 00:00:47]} {[%emt 00:00:33]} 32. a5 {[%clk 00:48:05]} {[%emt
00:01:43]} Rc6 {[%clk 00:00:37]} {[%emt 00:00:40]} 33. Qf4+ {[%clk 00:48:19]}
{[%emt 00:00:16]} Ke8 {[%clk 00:00:56]} {[%emt 00:00:11]} 34. Qa4 {[%clk
00:47:39]} {[%emt 00:01:10]} Kd8 {[%clk 00:01:12]} {[%emt 00:00:14]} 35. a6
{[%clk 00:47:58]} {[%emt 00:00:12]} Rc8 {[%clk 00:01:13]} {[%emt 00:00:28]} 36.
a7 {[%clk 00:47:56]} {[%emt 00:00:32]} Ra8 {[%clk 00:01:17]} {[%emt 00:00:26]}
37. Qb4 {[%clk 00:48:11]} {[%emt 00:00:16]} Nc8 {[%clk 00:01:04]} {[%emt
00:00:42]} 38. Qf8+ {[%clk 00:48:14]} {[%emt 00:00:27]} Kd7 {[%clk 00:00:51]}
{[%emt 00:00:43]} 39. Qxg7+ {[%clk 00:48:05]} {[%emt 00:00:40]} Ne7 {[%clk
00:01:04]} {[%emt 00:00:17]} 40. Qd4 {[%clk 00:48:21]} {[%emt 00:00:13]} Nc6
{[%clk 00:01:14]} {[%emt 00:00:20]} 41. Qg7+ {[%clk 00:46:59]} {[%emt
00:01:52]} Kd6 {[%clk 00:27:00]} {[%emt 00:04:43]} 42. Qxh6 {[%clk 01:17:21]}
{[%emt 00:00:08]} Rxa7 {[%clk 00:27:23]} {[%emt 00:00:08]} 43. h4 {[%clk
01:17:40]} {[%emt 00:00:12]} Rf7 {[%clk 00:25:28]} {[%emt 00:02:25]} 44. h5
{[%clk 01:15:24]} {[%emt 00:02:45]} Ne5 {[%clk 00:18:04]} {[%emt 00:07:54]} 45.
Qe3 {[%clk 01:12:04]} {[%emt 00:03:50]} Nc4 {[%clk 00:16:14]} {[%emt 00:02:21]}
46. Qb3 {[%clk 01:11:01]} {[%emt 00:01:32]} Ke7 {[%clk 00:11:00]} {[%emt
00:05:44]} 47. g4 {[%clk 01:08:09]} {[%emt 00:03:23]} Rf4 {[%clk 00:07:21]}
{[%emt 00:04:07]} 48. f3 {[%clk 01:02:50]} {[%emt 00:05:50]} Kf6 {[%clk
00:07:27]} {[%emt 00:00:24]} 49. Qb8 {[%clk 01:02:01]} {[%emt 00:01:19]} Kg5
{[%clk 00:04:23]} {[%emt 00:03:34]} 50. Qd8+ {[%clk 01:01:02]} {[%emt
00:01:29]} Kh6 {[%emt 00:01:03]} 51. Qh8+ {[%clk 01:00:41]} {[%emt 00:00:50]}
Kg5 {[%clk 00:04:18]} {[%emt 00:00:04]} 52. Qg7+ {[%clk 00:55:06]} {[%emt
00:06:05]} Kh4 {[%clk 00:04:39]} {[%emt 00:00:09]} 53. Kf2 {[%clk 00:53:52]}
{[%emt 00:01:44]} e5 {[%clk 00:02:59]} {[%emt 00:02:09]} 54. Qe7+ {[%clk
00:53:09]} {[%emt 00:01:13]} Kh3 {[%clk 00:03:14]} {[%emt 00:00:15]} 55. Qg5
{[%clk 00:51:55]} {[%emt 00:01:44]} Nd6 {[%clk 00:02:38]} {[%emt 00:01:07]} 56.
Qxe5 {[%clk 00:51:16]} {[%emt 00:01:09]} Ne4+ {[%clk 00:02:57]} {[%emt
00:00:10]} 57. Ke2 {[%clk 00:51:17]} {[%emt 00:00:29]} Ng3+ {[%clk 00:02:11]}
{[%emt 00:01:15]} 58. Ke3 {[%clk 00:50:22]} {[%emt 00:01:26]} Rf8 {[%clk
00:02:03]} {[%emt 00:00:39]} 59. Qxd5 {[%clk 00:48:43]} {[%emt 00:02:08]} Re8+
{[%clk 00:02:23]} {[%emt 00:00:10]} 60. Kd3 {[%clk 00:49:02]} {[%emt 00:00:12]}
Ne2 {[%clk 00:02:13]} {[%emt 00:00:39]} 61. Qd7 {[%clk 00:47:20]} {[%emt
00:02:12]} Nf4+ {[%clk 00:02:25]} {[%emt 00:00:17]} 62. Kc4 {[%clk 00:47:49]}
{[%emt 00:00:02]} Re2 {[%clk 00:01:13]} {[%emt 00:01:41]} 63. c3 {[%clk
00:47:13]} {[%emt 00:01:08]} Kg3 {[%clk 00:01:00]} {[%emt 00:00:42]} 64. h6
{[%clk 00:47:29]} {[%emt 00:00:14]} Ng6 {[%clk 00:00:57]} {[%emt 00:00:33]} 65.
Qd6+ {[%clk 00:47:34]} {[%emt 00:00:25]} Nf4 {[%clk 00:00:50]} {[%emt
00:00:37]} 66. h7 {[%clk 00:45:58]} {[%emt 00:02:06]} Rh2 {[%clk 00:01:12]}
{[%emt 00:00:08]} 67. Qc7 {[%clk 00:45:07]} {[%emt 00:01:21]} Kxf3 {[%clk
00:01:28]} {[%emt 00:00:14]} 68. Qg7 {[%emt 00:02:08]} 1-0